[Event "ch-Commonwealth"]
[Site "Nagpur IND"]
[Date "2008.10.02"]
[Round "6"]
[White "Negi,P"]
[Black "Akshat,Kh"]
[Result "1-0"]
[WhiteElo "2529"]
[BlackElo "2305"]

1.e4 c5 2.Nf3 d6 3.d4 cxd4 4.Nxd4 Nf6 5.Nc3 g6 6.Be3 Bg7 7.f3 O-O 8.Qd2 Nc6
9.Bc4 Bd7 10.O-O-O Rb8 11.h4 Nxd4 12.Bxd4 b5 13.Be2 Qa5 14.h5 e5 15.Be3 b4
16.Nb1 d5 17.Bh6 Rfc8 18.Bxg7 Kxg7 19.Bd3 d4 20.hxg6 fxg6 21.g4 Qxa2 22.Qh6+ Kg8
23.g5 Nh5 24.Rxh5 gxh5 25.g6 hxg6 26.Qxg6+ Kf8 27.Rg1 Ke7 28.Qg7+ Kd6 29.Rg6+ Be6
30.f4 exf4 31.e5+ Kd5 32.Rxe6  1-0

[Event "ch-Commonwealth"]
[Site "Nagpur IND"]
[Date "2008.10.03"]
[Round "7"]
[White "West,G"]
[Black "Negi,P"]
[Result "0-1"]
[WhiteElo "2342"]
[BlackElo "2529"]

1.e4 c5 2.Nf3 d6 3.Nc3 a6 4.a4 Nf6 5.g3 Bg4 6.h3 Bxf3 7.Qxf3 Nc6 8.Bg2 g6
9.d3 Bg7 10.O-O O-O 11.Qd1 Nd7 12.h4 Rb8 13.h5 b5 14.axb5 axb5 15.Nd5 c4
16.Bh3 cxd3 17.cxd3 e6 18.Ne3 Nc5 19.Ng4 Nb4 20.Nh6+ Kh8 21.hxg6 fxg6 22.Ra3 Bd4
23.Bd2 Nbxd3 24.Be1 Bg7 25.Rxd3 Nxd3 26.Qxd3 Bxh6 27.Bxe6 Bg7 28.b3 Qf6 29.Bd5 Qf3
30.Qxf3 Rxf3 31.Bb4 Be5 32.Rc1 Rbf8 33.Rc2 h5 34.Be1 g5 35.Kg2 h4 36.b4 g4
37.gxh4 Rh3 38.Rc7 Rff3 39.Rb7 Rxh4 40.Rxb5 Rh2+ 41.Kg1 g3 42.Rb8+ Kh7 43.fxg3 Re2  0-1

[Event "ch-Commonwealth"]
[Site "Nagpur IND"]
[Date "2008.10.05"]
[Round "10"]
[White "Negi,P"]
[Black "Karthikeyan,P"]
[Result "1-0"]
[WhiteElo "2529"]
[BlackElo "2402"]

1.e4 c5 2.Nf3 d6 3.d4 cxd4 4.Nxd4 Nf6 5.Nc3 Nc6 6.Bg5 e6 7.Qd2 Be7 8.O-O-O Nxd4
9.Qxd4 O-O 10.f4 Qa5 11.Be2 e5 12.Qe3 exf4 13.Bxf4 Rd8 14.a3 a6 15.g4 Be6
16.g5 Nd7 17.Nd5 Bf8 18.h4 Rac8 19.h5 Qc5 20.Qd2 Ne5 21.g6 fxg6 22.hxg6 Nxg6
23.Be3 Qc6 24.Bd3 Bg4 25.Qh2 h5 26.Rdg1 Ne5 27.Rxg4 hxg4 28.Qh7+ Kf7 29.Qf5+ Kg8
30.Qe6+ Nf7 31.Qg6  1-0

[Event "TCh-ESP CECLUB Final"]
[Site "Motril ESP"]
[Date "2008.11.02"]
[Round "2"]
[White "Negi,P"]
[Black "Volokitin,And"]
[Result "1-0"]
[WhiteElo "2597"]
[BlackElo "2659"]

1.Nf3 c5 2.d4 e6 3.e4 cxd4 4.Nxd4 a6 5.Nc3 Qc7 6.Bd3 Nc6 7.Nxc6 bxc6 8.O-O d5
9.Qe2 Nf6 10.b3 Bb7 11.Bb2 Bd6 12.Kh1 e5 13.f4 O-O 14.f5 Rfe8 15.g4 Bb4 16.g5 Bxc3
17.gxf6 Bxb2 18.Qg4 g6 19.Qh4 Qd6 20.fxg6 hxg6 21.Rf3 Bc8 22.Rg1 Qf8 23.Rfg3 Ra7
24.Rg5  1-0

[Event "46th ch-IND National A"]
[Site "Mangalore IND"]
[Date "2008.12.17"]
[Round "1"]
[White "Negi,P"]
[Black "Sriram,J"]
[Result "1/2-1/2"]
[WhiteElo "2597"]
[BlackElo "2457"]

1.e4 e5 2.Nf3 Nc6 3.Bb5 a6 4.Ba4 Nf6 5.O-O Be7 6.Re1 b5 7.Bb3 d6 8.c3 O-O
9.h3 Nb8 10.d4 Nbd7 11.Nbd2 Bb7 12.Bc2 Re8 13.Nf1 Bf8 14.Ng3 g6 15.b3 c6
16.Bg5 Bg7 17.Qd2 Qe7 18.a4 Qf8 19.Nh2 h6 20.Be3 h5 21.Nf3 Rad8 22.axb5 exd4
23.cxd4 cxb5 24.Bf4 Ne5 25.Ng5 Nc6 26.d5 Ne5 27.Be3 Nh7 28.Nxh7 Kxh7 29.Rac1 Nd7
30.f4 Rc8 31.e5 dxe5 32.f5 Qd6 33.fxg6+ fxg6 34.Ne4 Qxd5 35.Qe2 Rxc2 36.Ng5+ Kg8
37.Rxc2 Nf6 38.Rf1 Qxb3 39.Rc7 Bc8 40.Qf3 Rf8 41.Ne4 Nd7 42.Qe2 Rxf1+ 43.Kxf1 Qb1+
44.Bc1 Nb6 45.Kg1 Bf5 46.Ng5 e4 47.g4 Nd5 48.Rc2 Nb4 49.Rc7 Be5 50.gxf5 Bxc7
51.Qf1 Nd3 52.f6 Bb6+ 53.Kh1 Nf2+ 54.Kg2 Qc2 55.f7+ Kg7 56.Bf4 Ng4+ 57.Kh1 Nf2+
58.Kg2 Ng4+ 59.Kh1 Nf2+  1/2-1/2

[Event "46th ch-IND National A"]
[Site "Mangalore IND"]
[Date "2008.12.19"]
[Round "3"]
[White "Negi,P"]
[Black "Neelotpal,D"]
[Result "1/2-1/2"]
[WhiteElo "2597"]
[BlackElo "2477"]

1.e4 c5 2.Nf3 d6 3.d4 cxd4 4.Nxd4 Nf6 5.Nc3 Nc6 6.Bg5 e6 7.Qd2 Qb6 8.Bxf6 gxf6
9.Nb3 a6 10.O-O-O Bd7 11.f4 Rg8 12.g3 O-O-O 13.Bh3 Kb8 14.Rhf1 Na5 15.Nxa5 Qxa5
16.f5 Qe5 17.Kb1 Rc8 18.fxe6 fxe6 19.Qf4 Qh5 20.Qh4 Qxh4 21.gxh4 Be7 22.Ne2 Rc4
23.Nd4 e5 24.Bxd7 Rxd4 25.Rxd4 exd4 26.Bf5 Rg2 27.h3 h6 28.a4 Bd8 29.Rf3 Rg1+
30.Ka2 Rg2 31.Kb3 Re2 32.Rf1 Bb6 33.Bg4 Rxe4 34.Rxf6 h5 35.Bxh5 Re3+ 36.Kc4 d3
37.cxd3 Rxh3 38.Rxd6 Rxh4+ 39.Kb3 Bc5 40.Rd5 b6 41.Bg6 Rd4 42.Be4 Rxd5 43.Bxd5 Bd4  1/2-1/2

[Event "46th ch-IND National A"]
[Site "Mangalore IND"]
[Date "2008.12.20"]
[Round "4"]
[White "Rathnakaran,K"]
[Black "Negi,P"]
[Result "0-1"]
[WhiteElo "2458"]
[BlackElo "2597"]

1.e4 e5 2.Nf3 Nc6 3.d4 exd4 4.Nxd4 Bc5 5.Be3 Qf6 6.c3 Qg6 7.Nb5 Bxe3 8.fxe3 Kd8
9.Nd2 Nf6 10.Qb3 Ng4 11.O-O-O Nf2 12.Be2 Nxh1 13.Rxh1 d6 14.Nd4 Ne5 15.g3 Re8
16.Rd1 a6 17.g4 Ke7 18.Nf5+ Kf8 19.Rg1 Qe6 20.c4 g6 21.Nh6 Qf6 22.g5 Qf2
23.Qd1 Qxe3 24.Qf1 Be6 25.Rg3 Qd4 26.Qf4 Ke7 27.Nb3 Qa7 28.Nd2 b5 29.Rc3 Qg1+
30.Kc2 b4 31.Re3 c5 32.h4 Kd7 33.Nf3 Nxf3 34.Rxf3 Qe1 35.Re3 f5 36.gxf6 Kc7
37.Bf1 Qa1 38.f7 Rf8 39.e5 Bd7 40.b3 dxe5 41.Rxe5 Qxa2+ 42.Kd1 Qxb3+ 43.Ke2 Qb2+
44.Ke1 Qc3+ 45.Ke2 Qc2+ 46.Ke1 Qc3+ 47.Ke2 Qc2+ 48.Ke1 Kb7 49.Re7 Rad8 50.Be2 Qc3+
51.Kf1 Qd4 52.Bf3+ Kb6 53.Re4 Bh3+ 54.Ke2 Qb2+ 55.Ke1 Qc3+ 56.Ke2 Qd3+ 57.Kf2 Qd2+
58.Qxd2 Rxd2+ 59.Kg3 Bd7 60.Re3 a5 61.Bd5 a4 62.Re7 Kc7 63.Ng8 Kd6  0-1

[Event "46th ch-IND National A"]
[Site "Mangalore IND"]
[Date "2008.12.22"]
[Round "5"]
[White "Negi,P"]
[Black "Konguvel,P"]
[Result "1-0"]
[WhiteElo "2597"]
[BlackElo "2463"]

1.e4 c5 2.Nf3 d6 3.d4 cxd4 4.Nxd4 Nf6 5.Nc3 g6 6.Be3 Bg7 7.f3 O-O 8.Qd2 Nc6
9.Bc4 Bd7 10.O-O-O Rc8 11.Bb3 Nxd4 12.Bxd4 b5 13.Nd5 Nxd5 14.Bxg7 Kxg7 15.exd5 a5
16.a3 b4 17.axb4 axb4 18.h4 Kg8 19.h5 Qa5 20.Qd4 Bf5 21.Kd2 Rc5 22.hxg6 Bxg6
23.Ke3 Qb5 24.Kf2 Rfc8 25.Kg3 Qd7 26.Qe3 R5c7 27.Rd4 Qb5 28.Rg4 Rf8 29.Qh6  1-0

[Event "46th ch-IND National A"]
[Site "Mangalore IND"]
[Date "2008.12.23"]
[Round "6"]
[White "Thipsay,P"]
[Black "Negi,P"]
[Result "1/2-1/2"]
[WhiteElo "2444"]
[BlackElo "2597"]

1.e4 c5 2.Nf3 d6 3.d4 cxd4 4.Nxd4 Nf6 5.Nc3 a6 6.Be2 e6 7.O-O Be7 8.f4 O-O
9.a4 Nc6 10.Kh1 Qc7 11.Be3 Re8 12.Bd3 Nb4 13.a5 Bd7 14.Qf3 Bc6 15.Qg3 Bf8
16.Nxc6 bxc6 17.e5 Nfd5 18.Bd4 Nxd3 19.Qxd3 c5 20.Nxd5 exd5 21.Bc3 dxe5 22.Qxd5 exf4
23.Qf5 Bd6 24.Qg5 Be5 25.Bxe5 Qxe5 26.Qxf4 Qxf4 27.Rxf4 Rad8 28.Rc4 Re5 29.c3 h5
30.b4 cxb4 31.cxb4 Rd2 32.Rc6 Ree2 33.Rg1 Rb2 34.Rxa6 Rxb4 35.h3 Ra4 36.Ra7 h4
37.a6 Raa2 38.Ra8+ Kh7 39.a7 Re7 40.Rf1 Rexa7 41.Rxa7 Rxa7 42.Rf4 g5 43.Rf6 Kg7
44.Rb6 f6 45.Kg1 Kg6 46.Kf2 Ra2+ 47.Kf3 Ra3+ 48.Kf2 Rd3 49.Rb5 Kf7 50.Ke2 Rd6
51.Ke3 Re6+ 52.Kf3 Re5 53.Rb7+ Kg6 54.Kf2 Kf5 55.Rb6 Rd5 56.Ra6 Ke5 57.Ra2 Ke4
58.Re2+ Kf4 59.Ra2 Rd4 60.Rb2 Rc4 61.Ra2 Rb4 62.Rc2 Ra4 63.Rb2 f5 64.Rc2 Rb4
65.Ra2 Rc4 66.Rb2 g4 67.hxg4 fxg4 68.g3+ hxg3+ 69.Kg2 Rc3 70.Rb4+ Kg5 71.Rb8 Rc2+
72.Kg1 g2 73.Rb3 Rc1+ 74.Kxg2 Rc2+ 75.Kg1 Rc1+  1/2-1/2

[Event "46th ch-IND National A"]
[Site "Mangalore IND"]
[Date "2008.12.24"]
[Round "7"]
[White "Negi,P"]
[Black "Thejkumar,M"]
[Result "1-0"]
[WhiteElo "2597"]
[BlackElo "2441"]

1.e4 c6 2.Ne2 d5 3.e5 c5 4.d4 Nc6 5.c3 cxd4 6.cxd4 Bf5 7.Nbc3 e6 8.Ng3 Bg6
9.h4 h5 10.Be3 Qb6 11.Qd2 Nh6 12.Be2 Be7 13.Rc1 Rd8 14.Na4 Qb4 15.Nc5 Bxc5
16.Rxc5 Qxd2+ 17.Kxd2 Nf5 18.Nxf5 Bxf5 19.Rhc1 Kd7 20.b4 Rc8 21.b5 Ne7 22.Rxc8 Rxc8
23.Rxc8 Nxc8 24.Bxh5 Ke8 25.Be2 Bb1 26.a4 Nb6 27.a5 Nd7 28.Kc3 Kf8 29.Bc1 b6
30.Ba3+ Kg8 31.axb6 axb6 32.Bd6 f6 33.exf6 Nxf6 34.Bc7 Nd7 35.Bd3 Bxd3 36.Kxd3 Kf7
37.f3  1-0

[Event "46th ch-IND National A"]
[Site "Mangalore IND"]
[Date "2008.12.25"]
[Round "8"]
[White "Satyapragyan,S"]
[Black "Negi,P"]
[Result "1/2-1/2"]
[WhiteElo "2417"]
[BlackElo "2597"]

1.e4 c5 2.Nf3 d6 3.d4 cxd4 4.Nxd4 Nf6 5.Nc3 a6 6.h3 e6 7.g4 d5 8.exd5 Nxd5
9.Bd2 Bb4 10.Qf3 Nxc3 11.bxc3 Be7 12.Bg2 O-O 13.Rb1 e5 14.Nf5 Bc5 15.Be3 Bxe3
16.Nxe3 Qa5 17.O-O Nc6 18.Nc4 Qxa2 19.Qe2 Be6 20.Nxe5 Nxe5 21.Qxe5 Rae8 22.Qg3 b5
23.Ra1 Qxc2 24.Rfc1 Qb3 25.Rcb1 Qc4 26.Rxa6 Rc8 27.Rb6 Qxc3 28.Qxc3  1/2-1/2

[Event "46th ch-IND National A"]
[Site "Mangalore IND"]
[Date "2008.12.26"]
[Round "9"]
[White "Negi,P"]
[Black "Shyam,SM"]
[Result "1-0"]
[WhiteElo "2597"]
[BlackElo "2402"]

1.e4 e5 2.Nf3 Nc6 3.Bb5 a6 4.Ba4 Nf6 5.O-O Nxe4 6.d4 b5 7.Bb3 d5 8.dxe5 Be6
9.Nbd2 Nc5 10.c3 Bg4 11.Bc2 Be7 12.Re1 Qd7 13.Nf1 Rd8 14.h3 Bh5 15.Ng3 Bg6
16.Nd4 O-O 17.Bf5 Bxf5 18.Ndxf5 g6 19.Qg4 Nd3 20.Bg5 Ncxe5 21.Nxe7+ Qxe7
22.Bxe7 Nxg4 23.hxg4 Nxe1 24.Bxd8 Nxg2 25.Bg5  1-0

[Event "8th Asian Continental Open"]
[Site "Subic Bay PHI"]
[Date "2009.05.15"]
[Round "3"]
[White "Negi,P"]
[Black "Wan Yunguo"]
[Result "1-0"]
[WhiteElo "2592"]
[BlackElo "2434"]

1.e4 c5 2.Nf3 Nc6 3.Nc3 Nf6 4.Bb5 Qc7 5.O-O Nd4 6.b4 a6 7.Bd3 Ng4 8.e5 Nxf3+
9.Qxf3 Nxe5 10.Qg3 cxb4 11.Nd5 Qd6 12.Be4 f5 13.Bb2 Nc4 14.Qxd6 Nxd6 15.Nc7+ Kd8
16.Nxa8 Nxe4 17.d3 Nc5 18.Nb6 e6 19.a3 Kc7 20.Nxc8 bxa3 21.Bxa3 Kxc8 22.f3 b5
23.Rfb1 Kc7 24.d4 Na4 25.c4 Kc6 26.Bxf8 Rxf8 27.Rb4 Ra8 28.Kf2 Ra7 29.cxb5+ axb5
30.Rc1+ Kb6 31.Rc8 Ka5 32.Rb1 b4 33.Rb8 Nb6 34.Ra1+ Na4 35.Ke3 g5 36.h3 h5
37.h4 gxh4 38.Kf4 Rc7 39.Ra8+ Kb5 40.R1xa4 Rc2 41.Ra2 Rc3 42.R2a7 d6 43.Rb7+ Kc4
44.Rab8 Rb3 45.Kg5 Rb2 46.Kxh4 Rxg2 47.Rxb4+ Kd3 48.Re8  1-0

[Event "8th Asian Continental Open"]
[Site "Subic Bay PHI"]
[Date "2009.05.16"]
[Round "4"]
[White "Negi,P"]
[Black "Tu Hoang Thong"]
[Result "1/2-1/2"]
[WhiteElo "2592"]
[BlackElo "2506"]

1.e4 e5 2.Nf3 Nc6 3.Bb5 Nd4 4.Nxd4 exd4 5.d3 Bc5 6.O-O c6 7.Ba4 d6 8.f4 Nf6
9.f5 Nd7 10.Qg4 Qf6 11.Bg5 Qe5 12.Bf4 Qf6 13.Bg5 Qe5 14.Qh5 Nf6 15.Qh4 Nd7
16.Qh5 Nf6 17.Qh4 Nd7 18.Bf4 Qe7 19.Qh5 Kd8 20.Kh1 Kc7 21.c3 Ne5 22.Qe2 g5
23.Bg3 h5 24.Rd1 Ng4 25.Re1 h4 26.Qxg4 hxg3 27.Qxg3 Bxf5 28.b4 Bb6 29.c4 Be6
30.c5 Rh4 31.cxb6+ axb6 32.Bc2 Rah8 33.Nd2 Rxh2+ 34.Qxh2 Rxh2+ 35.Kxh2 Qf6
36.Kg1 Qf4 37.Nf1 g4 38.g3 Qf3 39.Red1 Qf6 40.Rd2 Qe5 41.a4 d5 42.Re1 f5
43.Bb3 Bd7 44.Red1 dxe4 45.dxe4 c5 46.exf5 Bxf5 47.bxc5 bxc5 48.Bc4 Bd7  1/2-1/2

[Event "8th Asian Continental Open"]
[Site "Subic Bay PHI"]
[Date "2009.05.17"]
[Round "5"]
[White "Laylo,D"]
[Black "Negi,P"]
[Result "1/2-1/2"]
[WhiteElo "2509"]
[BlackElo "2592"]

1.c4 e5 2.g3 Nc6 3.Bg2 g6 4.Nc3 Bg7 5.d3 d6 6.e4 f5 7.Nge2 Nh6 8.h4 Nf7 9.h5 g5
10.exf5 Bxf5 11.Be3 O-O 12.Qd2 h6 13.O-O-O Nd4 14.f4 c6 15.Rdf1 Bg4 16.fxg5 Nxe2+
17.Nxe2 Nxg5 18.Rxf8+ Bxf8 19.Nc3 Be7 20.Ne4 Nf7 21.Nf2 Be6 22.Bh3 Bxh3 23.Nxh3 Qf8
24.g4 Qg7 25.Qg2 Ng5 26.Rf1 Rf8 27.Rxf8+ Qxf8 28.Nxg5 Bxg5 29.Bxg5 hxg5 30.Qe4  1/2-1/2

[Event "8th Asian Continental Open"]
[Site "Subic Bay PHI"]
[Date "2009.05.19"]
[Round "7"]
[White "Negi,P"]
[Black "Dimakiling,O"]
[Result "1-0"]
[WhiteElo "2592"]
[BlackElo "2426"]

1.e4 e5 2.Nf3 Nf6 3.Nxe5 d6 4.Nf3 Nxe4 5.Nc3 Nxc3 6.dxc3 Be7 7.Be3 Nc6 8.Qd2 Bg4
9.Nd4 O-O 10.h3 Bd7 11.O-O-O d5 12.Nf3 Be6 13.h4 f6 14.h5 a6 15.Be2 b5 16.g4 Qd7
17.Rhg1 Ne5 18.Nd4 Bxg4 19.f4 Bxe2 20.fxe5 Bxh5 21.e6 Qe8 22.Nf5 g5 23.Bd4 h6
24.Nxh6+ Kh7 25.Nf5 Bd6 26.Rh1 Bf4 27.Be3 Qxe6 28.Rxh5+ Kg6 29.Rh6+ Kxf5
30.Bxf4 gxf4 31.Re1 Qxe1+ 32.Qxe1 Rg8 33.Rh5+ Rg5 34.Rh1 Rag8 35.Rf1 c6 36.Qd2 Rg4
37.b3 Re8 38.Qd3+ Re4 39.Qh3 Re7 40.Qh5+ Rg5 41.Qh3+ Rg4 42.Rg1 Rg7 43.Kd2  1-0

[Event "8th Asian Continental Open"]
[Site "Subic Bay PHI"]
[Date "2009.05.21"]
[Round "9"]
[White "Gao Rui"]
[Black "Negi,P"]
[Result "0-1"]
[WhiteElo "2500"]
[BlackElo "2592"]

1.e4 c5 2.Nf3 d6 3.d4 cxd4 4.Nxd4 Nf6 5.Nc3 a6 6.Be3 e5 7.Nf3 Be7 8.Bc4 O-O
9.O-O Nc6 10.Re1 Be6 11.Nd5 Bxd5 12.exd5 b5 13.Bf1 Nb4 14.c4 bxc4 15.Bxc4 Qa5
16.Bd2 Qc5 17.Rc1 Nbxd5 18.Bg5 Qa5 19.Bxd5 Qxd5 20.Bxf6 Qxd1 21.Rexd1 Bxf6
22.Rxd6 e4 23.Nd2 Bxb2 24.Rb1 Ba3 25.Rd7 Rab8 26.Rxb8 Rxb8 27.Kf1 f5 28.Ra7 Rb2
29.Rxa6 Bc5 30.Ra5 Bd4 31.Nb3 Rxf2+ 32.Ke1 Be3 33.a4 Rb2 34.Rb5 f4 35.a5 Bd2+  0-1

[Event "8th Asian Continental Open"]
[Site "Subic Bay PHI"]
[Date "2009.05.22"]
[Round "10"]
[White "Murshed,N"]
[Black "Negi,P"]
[Result "0-1"]
[WhiteElo "2407"]
[BlackElo "2592"]

1.Nf3 Nf6 2.c4 g6 3.Nc3 Bg7 4.e4 c5 5.g3 Nc6 6.Bg2 d6 7.h3 a6 8.O-O b5 9.d3 Rb8
10.Rb1 O-O 11.b3 Nd7 12.Ne2 bxc4 13.dxc4 Qa5 14.Qd2 Nb4 15.Nc3 Bb7 16.Re1 Ba8
17.a3 Nc6 18.Nd5 Qd8 19.b4 e6 20.Ne3 Nd4 21.Bb2 e5 22.Nd5 f5 23.Nxd4 cxd4
24.f4 Nb6 25.Nxb6 Qxb6 26.fxe5 dxe5 27.Qd3 Qc6 28.Bc1 Qd7 29.h4 f4 30.Bd2 Qg4
31.Qf3 Qxg3 32.Qxg3 fxg3 33.Rf1 Bf6 34.b5 axb5 35.cxb5 Bxh4 36.Rxf8+ Rxf8
37.Rf1 Rxf1+ 38.Kxf1 Be7 39.a4 h5 40.a5 g5 41.a6 Bd8 42.Bxg5 Bxg5 43.b6 Bd8
44.b7 Bxb7 45.axb7 Bc7 46.Ke2 Kf7 47.Kf3 h4 48.Kg4 d3 49.Kf3 Kf6 50.Ke3 Kg5
51.Bh3 g2 52.Bxg2 Kg4  0-1

[Event "8th Asian Continental Open"]
[Site "Subic Bay PHI"]
[Date "2009.05.23"]
[Round "11"]
[White "Negi,P"]
[Black "Hou Yifan"]
[Result "1/2-1/2"]
[WhiteElo "2592"]
[BlackElo "2590"]

1.e4 c5 2.Nf3 d6 3.d4 cxd4 4.Nxd4 Nf6 5.Nc3 e6 6.Be2 a6 7.O-O Qc7 8.f4 Be7
9.Be3 O-O 10.g4 d5 11.e5 Ne4 12.Bd3 Nxc3 13.bxc3 Nc6 14.g5 Nxd4 15.cxd4 g6
16.Rf3 Bd7 17.a4 b5 18.Rh3 bxa4 19.Rxh7 Bb5 20.Qg4 Kxh7 21.Qh5+ Kg8 22.Bxg6 fxg6
23.Qxg6+ Kh8 24.Qh6+ Kg8 25.Qg6+ Kh8 26.Qh6+ Kg8 27.Qg6+  1/2-1/2

[Event "Subic Open"]
[Site "Subic PHI"]
[Date "2009.05.25"]
[Round "1"]
[White "Negi,P"]
[Black "Causo,D"]
[Result "1-0"]
[WhiteElo "2592"]
[BlackElo "2367"]

1.e4 d5 2.exd5 Nf6 3.Nf3 Nxd5 4.d4 Bf5 5.Nh4 Bd7 6.Bc4 e6 7.Nf3 c5 8.O-O Nb6
9.Be2 Nc6 10.Nc3 cxd4 11.Nxd4 Be7 12.Ndb5 O-O 13.Be3 Nc8 14.Ne4 a6 15.Nbc3 Qc7
16.Nc5 Rd8 17.Nxd7 Rxd7 18.Qc1 Nb6 19.Rd1 Rad8 20.Rxd7 Rxd7 21.Ne4 Nb4 22.c4 Nd3
23.Qc2 Nf4 24.Bf1 Nbd5 25.Bd2 f5 26.g3 fxe4 27.Qxe4 Nf6 28.Qxf4 e5 29.Qe3 Bc5
30.Qe2 Bxf2+ 31.Qxf2 Ne4 32.Qe3 Nxd2 33.Bh3 Rd6 34.b3 Qf7 35.Bg2 e4 36.Bxe4 Nxe4
37.Qxe4 Rd2 38.Rf1 Qd7 39.Qe1 Rxa2 40.Qe8+ Qxe8  1-0

[Event "Subic Open"]
[Site "Subic PHI"]
[Date "2009.05.27"]
[Round "4"]
[White "Senador,E"]
[Black "Negi,P"]
[Result "0-1"]
[WhiteElo "2360"]
[BlackElo "2592"]

1.e4 c5 2.Nf3 d6 3.c3 Nf6 4.Bd3 Nc6 5.Bc2 Bg4 6.h3 Bh5 7.d3 e6 8.Nbd2 Be7
9.Nf1 h6 10.Ng3 Bg6 11.O-O Qc7 12.Qe2 d5 13.Re1 O-O-O 14.e5 Nd7 15.a3 h5
16.h4 f6 17.exf6 Bxf6 18.Qxe6 Rhe8 19.Qh3 Kb8 20.Bd2 c4 21.Nf5 cxd3 22.Bxd3 Nc5
23.Bc2 Ne4 24.Be3 Ka8 25.Bxe4 dxe4 26.N3d4 Qd7 27.Rad1 Ne5 28.Kh1 Nd3 29.Rf1 Nxb2
30.Rb1 Nd3 31.Rb3 Bf7 32.Rbb1 g6 33.Ng3 Qxh3+ 34.gxh3 Bxh4 35.Nb5 Rd7 36.Nxa7 Bc4
37.Nb5 Rf8 38.Kg1 Ne5 39.Rbc1 Rf3 40.Nxe4 Bd5 41.Rc2 Rxe3 42.fxe3 Nf3+  0-1

[Event "Subic Open"]
[Site "Subic PHI"]
[Date "2009.05.28"]
[Round "5"]
[White "Negi,P"]
[Black "Wan Yunguo"]
[Result "1-0"]
[WhiteElo "2592"]
[BlackElo "2434"]

1.e4 e6 2.d4 d5 3.Nc3 Nf6 4.e5 Nfd7 5.f4 c5 6.Nf3 Nc6 7.Ne2 b5 8.a3 Rb8 9.c3 Be7
10.b4 cxb4 11.axb4 a5 12.bxa5 Nxa5 13.f5 exf5 14.Nf4 Nf8 15.Nxd5 Bh4+ 16.g3 Qxd5
17.Rxa5 Bd8 18.Ra1 Ne6 19.Bg2 Qc4 20.d5 Nc5 21.Qd4 Nb3 22.Qxc4 bxc4 23.Rb1 Ba5
24.O-O Bxc3 25.Bd2 Bb4 26.Bxb4 Rxb4 27.Nd2 Ba6 28.Rf4 Ke7 29.d6+ Ke6 30.Bf1 Rhb8
31.Bxc4+ Bxc4 32.Rxc4 Rxc4 33.Nxc4 Rc8 34.d7 Rd8 35.Rxb3 Rxd7 36.Rb6+ Ke7
37.Nd6 Ke6 38.Nxf7+  1-0

[Event "Subic Open"]
[Site "Subic PHI"]
[Date "2009.05.28"]
[Round "6"]
[White "Rahman,Zia"]
[Black "Negi,P"]
[Result "1/2-1/2"]
[WhiteElo "2523"]
[BlackElo "2592"]

1.e4 e5 2.Nf3 Nc6 3.Bb5 a6 4.Ba4 Nf6 5.O-O Be7 6.Re1 b5 7.Bb3 O-O 8.a4 b4
9.d3 d6 10.a5 Be6 11.Nbd2 Rb8 12.Bxe6 fxe6 13.Nc4 Nd7 14.Bd2 Nc5 15.Be3 Rb5
16.c3 Bf6 17.Bxc5 Rxc5 18.cxb4 Nxa5 19.bxa5 Qb8 20.Ra4 Qb5 21.Ne3 Kh8 22.Ra3  1/2-1/2

[Event "Ch-Paris Int"]
[Site "Coubertin FRA"]
[Date "2009.07.06"]
[Round "3"]
[White "Govciyan,P"]
[Black "Negi,P"]
[Result "1/2-1/2"]
[WhiteElo "2438"]
[BlackElo "2590"]

1.d4 Nf6 2.c4 g6 3.Nc3 d5 4.Bf4 Bg7 5.e3 c5 6.dxc5 Qa5 7.Rc1 dxc4 8.Bxc4 O-O
9.Ne2 Qxc5 10.Qb3 Nc6 11.Nb5 Qh5 12.Ng3 Qh4 13.Nc7 e5 14.Bxe5 Nxe5 15.Nxa8 b6
16.Nc7 Bb7 17.Bd5 Nxd5 18.Nxd5 Bxd5 19.Qxd5 Rd8 20.Qb3 Nd3+ 21.Ke2 Nxc1+
22.Rxc1 Be5 23.Qb5 Bxg3 24.hxg3 Qg4+ 25.Ke1 Qe4 26.Rd1 Rxd1+ 27.Kxd1 Qb1+
28.Kd2 Qxa2 29.Qe8+ Kg7 30.Qe5+ Kg8 31.Qe8+  1/2-1/2

[Event "4th Kolkata Open"]
[Site "Kolkata IND"]
[Date "2009.09.01"]
[Round "1"]
[White "Negi,P"]
[Black "Kamble,V"]
[Result "1/2-1/2"]
[WhiteElo "2615"]
[BlackElo "2350"]

1.e4 e6 2.d4 d5 3.Nc3 Bb4 4.e5 c5 5.a3 Bxc3+ 6.bxc3 Qa5 7.Bd2 Qa4 8.dxc5 Qe4+
9.Be3 Nh6 10.Bd3 Qxe5 11.Ne2 Nf5 12.Bd4 Nxd4 13.cxd4 Qc7 14.O-O b6 15.c4 dxc4
16.Be4 Bb7 17.Qa4+ Bc6 18.Bxc6+ Qxc6 19.Qxc4 Nd7 20.Rac1 O-O 21.Nf4 Rfc8
22.Rfe1 Qc7 23.Nd3 bxc5 24.dxc5 Qa5 25.Re3 Qxa3 26.Qd4 Rd8 27.Ra1 e5 28.Rxa3 exd4
29.Re4 a5 30.Rxd4 Nxc5 31.Rxa5 Nxd3  1/2-1/2

[Event "4th Kolkata Open"]
[Site "Kolkata IND"]
[Date "2009.09.03"]
[Round "3"]
[White "Negi,P"]
[Black "Shyam,N"]
[Result "1-0"]
[WhiteElo "2615"]
[BlackElo "2410"]

1.e4 e6 2.d4 d5 3.Nc3 Nf6 4.e5 Nfd7 5.f4 c5 6.Nf3 Nc6 7.Ne2 Qb6 8.c3 f6 9.g3 cxd4
10.cxd4 fxe5 11.fxe5 Bb4+ 12.Nc3 O-O 13.Bf4 Be7 14.a3 h6 15.h4 Na5 16.Na4 Qb3
17.Qxb3 Nxb3 18.Rd1 Rf7 19.Nc3 Nf8 20.h5 Bd7 21.Bh3 b5 22.O-O Bc6 23.Nh4 Re8
24.Ng6 Bd8 25.Be3 Rxf1+ 26.Rxf1 Nxg6 27.hxg6 Bb6 28.Ne2 b4 29.Rf7 Bb5 30.Nf4 Nxd4
31.Nh5 Nf3+ 32.Kh1 Nxe5 33.Rxg7+ Kf8 34.Bxh6 Nxg6  1-0

[Event "4th Kolkata Open"]
[Site "Kolkata IND"]
[Date "2009.09.08"]
[Round "8"]
[White "Negi,P"]
[Black "Laxman,R"]
[Result "1/2-1/2"]
[WhiteElo "2615"]
[BlackElo "2486"]

1.e4 e5 2.Nf3 Nf6 3.Nxe5 d6 4.Nf3 Nxe4 5.Nc3 Nxc3 6.dxc3 Be7 7.Be3 Nc6 8.Qd2 O-O
9.O-O-O Re8 10.h4 Bg4 11.Be2 Bf6 12.Nd4 Bxe2 13.Qxe2 Qd7 14.Kb1 Bxd4 15.cxd4 Ne7
16.Qf3 c6 17.h5 Qf5 18.Bf4 Qf6 19.c4 d5 20.c5 Qf5+ 21.Rd3 b6 22.Re1 bxc5
23.g4 Qd7 24.dxc5 Rad8 25.Be5 f6 26.Bd4 Nc8 27.Rxe8+ Rxe8 28.h6 Re4 29.g5 fxg5
30.hxg7 Rf4 31.Qh5 Qe7 32.Re3 Re4 33.Kc1 Rxe3 34.fxe3 a5 35.Qh6 Na7 36.Qd6 Qe8
37.Qf6 Nb5 38.Be5 g4 39.Kd2 a4 40.Qg5 Qd7 41.Qf6 Qe8 42.Qg5 Qd7 43.Qf4 Qe8
44.a3 Na7 45.Bf6 Qc8 46.Ke2 Nb5 47.Be5 Qe8 48.Bf6 d4 49.e4 Qc8 50.Be5 Qe8
51.Kd3 Qf7 52.Qxg4 Qb3+ 53.Ke2 Qxb2+ 54.Kf1 Qc1+ 55.Kf2 Qe3+ 56.Kg2 Qd2+
57.Kh3 Qh6+ 58.Kg3 Qe3+  1/2-1/2

[Event "4th Kolkata Open"]
[Site "Kolkata IND"]
[Date "2009.09.10"]
[Round "10"]
[White "Gupta,Ab"]
[Black "Negi,P"]
[Result "1/2-1/2"]
[WhiteElo "2584"]
[BlackElo "2615"]

1.d4 d5 2.c4 c6 3.Nc3 Nf6 4.Nf3 dxc4 5.a4 Bf5 6.Ne5 Nbd7 7.Nxc4 Qc7 8.g3 e5
9.dxe5 Nxe5 10.Bf4 Nfd7 11.Bg2 g5 12.Ne3 gxf4 13.Nxf5 O-O-O 14.Qc2 Nc5 15.O-O fxg3
16.hxg3 a5 17.Rfd1 h5 18.Rxd8+ Qxd8 19.Rd1 Qf6 20.Qd2 Kb8 21.Bh3 Ng6 22.Qe3 h4
23.Qe8+ Ka7 24.Rd8 Be7 25.Ra8+ Kb6 26.Nd5+ cxd5 27.Qb5+ Kc7 28.Qxa5+ Kc6
29.Qb5+ Kc7 30.Qa5+ Kc6  1/2-1/2

[Event "3rd Asian Indoor Team Rapid Prelim"]
[Site "Ha Long City VIE"]
[Date "2009.11.05"]
[Round "6"]
[White "Negi,P"]
[Black "Moradiabadi,E"]
[Result "1-0"]
[WhiteElo "2620"]
[BlackElo "2560"]

1.e4 e5 2.Nf3 d6 3.d4 exd4 4.Nxd4 Nf6 5.Nc3 Be7 6.Be2 O-O 7.Bf4 Re8 8.Qd2 Bf8
9.f3 Nc6 10.O-O-O Nxd4 11.Qxd4 Be6 12.g4 Nd7 13.h4 a6 14.g5 b5 15.h5 c5 16.Qd2 Qa5
17.Kb1 Nb6 18.g6 b4 19.Nd5 Bxd5 20.exd5 c4 21.gxf7+ Kxf7 22.h6 g6 23.Be3 c3
24.Bxb6 Qxb6 25.Qf4+ Kg8 26.Bd3 Ra7 27.Qg3 Qd8 28.Bxg6 Re5 29.f4  1-0

[Event "3rd Asian Indoor Team Rapid Prelim"]
[Site "Ha Long City VIE"]
[Date "2009.11.06"]
[Round "8"]
[White "Negi,P"]
[Black "Khamrakulov,D"]
[Result "1-0"]
[WhiteElo "2620"]
[BlackElo "2509"]

1.e4 c6 2.d4 d5 3.Nc3 dxe4 4.Nxe4 Nf6 5.Nxf6+ exf6 6.c3 Bd6 7.Bd3 O-O 8.Qc2 h6
9.Ne2 Qc7 10.Be3 c5 11.O-O-O Be6 12.d5 Bd7 13.g4 Re8 14.Kb1 b5 15.h4 Bxg4
16.Bxh6 Qd7 17.Rhg1 Bf8 18.Rg3 c4 19.Bh7+ Kh8 20.f3 Rxe2 21.Qxe2 Kxh7 22.fxg4 gxh6
23.g5 Qf5+ 24.Ka1 Nd7 25.Rf1 Re8 26.Qd1 Qe5 27.Rgg1 Qe2 28.Qc1 Qe3 29.Qc2+ Qe4
30.Qd2 Bc5 31.Rg2 Be3 32.Qe2 Qxd5 33.gxf6 Kh8 34.Qg4 Bg5 35.hxg5 Ne5 36.Qh3  1-0

[Event "3rd Asian Indoor Team Rapid Prelim"]
[Site "Ha Long City VIE"]
[Date "2009.11.06"]
[Round "9"]
[White "Teerapabpaisit,W"]
[Black "Negi,P"]
[Result "0-1"]
[WhiteElo "2282"]
[BlackElo "2620"]

1.e4 c5 2.Nf3 e6 3.d4 cxd4 4.Nxd4 Nc6 5.Be3 Nf6 6.Nc3 Qc7 7.Qd2 a6 8.f3 h5
9.O-O-O Be7 10.Bf4 Ne5 11.Kb1 d6 12.h3 h4 13.Be3 Nc4 14.Bxc4 Qxc4 15.Qd3 Qxd3
16.cxd3 Bd7 17.f4 b5 18.e5 Nh5 19.Rhe1 dxe5 20.fxe5 Ng3 21.Nce2 Rh5 22.Nxg3 hxg3
23.Bf4 Bc5 24.Re4 Rc8 25.Bxg3 Rg5 26.Ne2 Bc6 27.Rh4 Bxg2 28.Rh8+ Bf8 29.Be1 Kd7
30.Rc1 Rxc1+ 31.Nxc1 Be7 32.Bc3 Bf3 33.a3 Rg1 34.Bd2 Rg2 35.Be3 Bg5 36.Bxg5 Rxg5
37.d4 Be4+ 38.Ka2 Rg1 39.Nb3 Bd5 40.Rb8 Rg3  0-1

[Event "3rd Asian Indoor Team Rapid S/F"]
[Site "Ha Long City VIE"]
[Date "2009.11.07"]
[Round "2"]
[White "Dao Thien Hai"]
[Black "Negi,P"]
[Result "1/2-1/2"]
[WhiteElo "2524"]
[BlackElo "2620"]

1.d4 d5 2.c4 c6 3.Nf3 Nf6 4.e3 g6 5.Nc3 Bg7 6.Be2 O-O 7.O-O a6 8.b3 Ne4 9.Bb2 Nxc3
10.Bxc3 Bg4 11.h3 Bxf3 12.Bxf3 e6 13.Rc1 Nd7 14.Qc2 Qe7 15.Rfd1 Rfd8 16.g3 Rac8
17.Bg2 h5 18.Ba5 b6 19.Be1 Nf6 20.cxd5 exd5 21.Qe2 a5 22.Rc2 Qb7 23.Rdc1 Bf8
24.a4 Bd6 25.Rb1 Qa7 26.Qd1 Qe7 27.Qd3 Rc7 28.Bc3 Ne4 29.Bxe4 dxe4 30.Qe2 Qe6
31.Kg2 c5 32.Ba1 cxd4 33.Rxc7 Bxc7 34.Bxd4 Be5 35.Bxe5 Qxe5 36.b4 Rd3 37.bxa5 bxa5
38.Qc2 Qf6 39.Qe2 Qc3 40.Rb8+ Kg7 41.Rb2 Qc1 42.Qc2 Qxc2 43.Rxc2 Ra3 44.Rc4 f5  1/2-1/2